| 000 | 00678nam a2200217 a 4500 | ||
|---|---|---|---|
| 003 | PILC | ||
| 005 | 20150817102823.0 | ||
| 008 | 040326s19uu xx 00 eng d | ||
| 020 | _a0130482358 | ||
| 050 |
_aHF 5548.8 _b.R475 2003 |
||
| 100 | _aRiggio, Ronald E. | ||
| 245 |
_aIntroduction to industrial/organizational psychology / _cRonald E. Riggio. |
||
| 250 | _a4th edition. | ||
| 260 |
_aNew Jersey : _bPrentice Hall, _c2003. |
||
| 300 |
_axxx, 556pages : _billustrations ; _c24cm. |
||
| 500 | _aIncludes bibliographical references, glossary and index. | ||
| 650 | _aPsychology, Industrial | ||
| 650 | _aOrganizational change | ||
| 942 |
_cBK _2lcc |
||
| 999 |
_c20494 _d20494 |
||